Slovak districts - Statistics

General Stats
  • This quiz has been taken 256 times
  • The average score is 57 of 79
Answer Stats
Hint Answer % Correct
Košice I
99%
Košice II
99%
Košice III
99%
Košice IV
99%
Košice okolie
99%
Bratislava I
98%
Bratislava II
98%
Bratislava III
98%
Bratislava IV
98%
Bratislava V
98%
Banská Bystrica
95%
Žilina
93%
Poprad
91%
Prešov
90%
Trnava
90%
Nitra
89%
Trenčín
88%
Banská Štiavnica
84%
Liptovský Mikuláš
84%
Martin
81%
Ružomberok
80%
Humenné
79%
Levice
78%
Michalovce
78%
Brezno
77%
Senec
77%
Zvolen
77%
Levoča
76%
Spišská Nová Ves
76%
Malacky
75%
Komárno
73%
Rimavská Sobota
73%
Bardejov
72%
Čadca
72%
Dunajská Streda
71%
Galanta
71%
Senica
71%
Kežmarok
70%
Lučenec
70%
Nové Mesto nad Váhom
70%
Skalica
70%
Prievidza
69%
Nové Zámky
68%
Žiar nad Hronom
67%
Partizánske
66%
Pezinok
66%
Topolčany
66%
Námestovo
65%
Šaľa
65%
Trebišov
65%
Piešťany
64%
Rožňava
64%
Dolný Kubín
63%
Poltár
63%
Kysucké Nové Mesto
62%
Myjava
62%
Považská Bystrica
61%
Revúca
61%
Žarnovica
61%
Bánovce nad Bebravou
60%
Bytča
60%
Púchov
60%
Detva
59%
Hlohovec
59%
Medzilaborce
59%
Sabinov
59%
Snina
59%
Svidník
59%
Vranov nad Topľou
59%
Sobrance
58%
Ilava
56%
Zlaté Moravce
55%
Krupina
54%
Stará Ľubovňa
53%
Gelnica
52%
Stropkov
49%
Turčianske Teplice
49%
Tvrdošín
49%
Veľký Krtíš
48%
No matching quizzes found
Score Distribution
Percent of People with Each Score
Percentile by Number Answered
Your Score History
You have not taken this quiz